First Names of Wales Players Since 2000 - Statistics

General Stats
  • This quiz has been taken 38 times
    22 since last reset
  • The average score is 87 of 156
Answer Stats
% Correct
2008 Aaron Ramsey 86 21
100%
2006 Gareth Bale 111 41
93%
2000 Gareth Roberts 9
93%
1995 Gareth Taylor 15 1
93%
2020 Ben Cabango 12
87%
2017 Ben Woodburn 11 2
87%
2012 Ben Davies 92 2
87%
2004 Ben Thatcher 7
87%
2018 Chris Mepham 47
87%
2007 Chris Gunter 109
87%
1998 Chris Llewellyn 6 1
87%
1992 Chris Coleman 32 4
87%
2006 Craig Morgan 23
87%
2005 Craig Davies 7
87%
1998 Craig Bellamy 78 19
87%
2007 Daniel Nardiello 3
87%
2017 David Brooks 31 4
87%
2007 David Edwards 43 3
87%
2005 David Cotterill 24 2
87%
2005 David Partridge 7
87%
2003 David Vaughan 42 1
87%
2003 David Pipe 1
87%
2018 James Lawrence 11
87%
2014 James Chester 35
87%
2013 James Wilson 1
87%
2004 James Collins 51 3
87%
2023 Joe Low 2
87%
2019 Joe Rodon 50
87%
2019 Joe Morrell 37
87%
2009 Joe Allen 76 2
87%
2005 Joe Ledley 77 4
87%
2017 Ryan Hedges 3
87%
1991 Ryan Giggs 64 12
87%
2008 Sam Vokes 64 11
87%
2005 Sam Ricketts 52
87%
2018 Daniel James 55 7
80%
2017 Ethan Ampadu 54
80%
1997 John Oster 13
80%
1995 John Hartson 51 14
80%
1995 John Robinson 30 3
80%
2003 Rob Edwards 15
80%
1996 Rob Page 41
80%
2014 Paul Dummett 5
73%
2004 Paul Parry 12 1
73%
2002 Paul Evans 2
73%
1997 Paul Jones 50
73%
1997 Paul Trollope 9
73%
1995 Robbie Savage 39 2
73%
2024 Tom King 1
73%
2017 Tom Lockyer 16
73%
2016 Tom Bradshaw 8
73%
2015 Tom Lawrence 23 3
73%
2010 Andy Dorman 3
67%
2009 Andy King 50 2
67%
1998 Andy Johnson 15
67%
1996 Andy Legg 6
67%
1989 Andy Melville 65 3
67%
2013 Jonny Williams 33 2
67%
2020 Josh Sheehan 10
67%
2002 Robert Earnshaw 59 16
67%
2007 Wayne Hennessey 109
67%
2008 Ashley Williams 86 2
60%
2024 Charlie Crew 1
60%
2023 Charlie Savage 2
60%
1990 Gary Speed 85 7
60%
2010 Hal Robson-Kanu 46 5
60%
2008 Jack Collison 15
60%
2012 Jazz Richards 14
60%
2023 Liam Cullen 7 2
60%
2021 Mark Harris 9
60%
2010 Mark Bradley 1
60%
2006 Mark Jones 2
60%
1999 Mark Delaney 36
60%
1997 Mark Crossley 8
60%
1991 Mark Pembridge 54 6
60%
2018 Rabbi Matondo 12
60%
2019 Will Vaulks 7
60%
2005 Andrew Crofts 29
53%
2016 Danny Ward 44
53%
2005 Danny Collins 12
53%
2002 Danny Gabbidon 49
53%
1996 Danny Coyne 16
53%
1986 Dean Saunders 75 22
53%
2013 Harry Wilson 60 12
53%
2023 Jordan James 16
53%
2023 Nathan Broadhead 13 2
53%
1994 Nathan Blake 30 4
53%
2020 Neco Williams 44 4
53%
2009 Simon Church 38 3
53%
2001 Simon Davies 58 6
53%
2022 Wes Burns 10
53%
2008 Boaz Myhill 19
47%
2000 Darren Ward 5
47%
1998 Darren Barnard 24
47%
2019 Kieffer Moore 47 13
47%
2024 Lewis Koumas 5
47%
2005 Lewis Price 11
47%
2010 Neil Taylor 43 1
47%
1999 Neil Roberts 4
47%
2020 Rhys Norrington-Davies 13 1
47%
2000 Rhys Weston 7
47%
2010 Steve Morison 20 1
47%
2006 Steve Evans 7
47%
2005 Steve Roberts 1
47%
1995 Steve Jenkins 16
47%
2019 Adam Davies 5
40%
2015 Adam Henley 2
40%
2011 Adam Matthews 14
40%
2018 Billy Bodin 1
40%
2020 Brennan Johnson 33 5
40%
2018 Connor Roberts 60 3
40%
2006 Jason Brown 3
40%
2001 Jason Koumas 34 10
40%
2024 Jay Dasilva 2
40%
2012 Joel Lynch 1
40%
2024 Karl Darlow 3
40%
1999 Matt Jones 13
40%
2023 Ollie Cooper 5
40%
2009 Brian Stock 3
33%
2020 Dylan Levitt 13
33%
2014 Emyr Huws 11 1
33%
2024 Fin Stevens 2
33%
1992 Kit Symons 36 2
33%
2016 Lloyd Isgrove 1
33%
2018 Matthew Smith 19
33%
2023 Regan Poole 1
33%
2018 Tyler Roberts 20
33%
2008 Ched Evans 13 1
27%
2010 Christian Ribeiro 2
27%
2014 Jake Taylor 1
27%
2017 Marley Watkins 2
27%
2007 Neal Eardley 16
27%
2005 Richard Duffy 13
27%
2021 Rubin Colwill 9 1
27%
2021 Sorba Thomas 14
27%
2004 Carl Fletcher 36 1
20%
1999 Carl Robinson 52 1
20%
2010 Darcy Blake 14 1
20%
2013 Declan John 7
20%
2005 Gavin Williams 2
20%
2018 George Thomas 3
20%
2014 George Williams 7
20%
2018 Kieron Freeman 1
20%
2017 Lee Evans 4
20%
2006 Lewin Nyatanga 34
20%
2000 Roger Freestone 1
20%
2010 Shaun MacDonald 4
20%
2007 Freddy Eastwood 11 4
13%
1989 Iwan Roberts 15
13%
2007 Jermaine Easter 12
13%
2004 Martyn Margetson 1
13%
2015 Owain Williams 1
13%
2008 Owain Jones 7
13%
1994 Ady Williams 13 1
7%
2006 Arron Davies 1
7%
2006 Glyn Garner 1
7%
No matching quizzes found
Score Distribution
Percent of People with Each Score
Percentile by Number Answered
Your Score History
You have not taken this quiz since the last reset